[Event "Wch u20 girls"]
[Site "Kocaeli"]
[Date "2013.09.23"]
[Round "10.27"]
[White "Savant, Riya"]
[Black "Krumova, Ani"]
[Result "1/2-1/2"]
[WhiteElo "1960"]
[BlackElo "1993"]
[PlyCount "64"]
[EventDate "2013.09.??"]
[EventType "swiss"]
[EventRounds "13"]
[EventCountry "TUR"]
[Source "CBase R.Goldau"]
[SourceDate "2000.03.01"]
[TimeControl "40/5400+30:1800+30"]

1. d4 {[%emt 0:00:30]} Nf6 {[%emt 0:00:30]} 2. c4 {[%emt 0:00:30]} g6 {[%emt 0:
00:00]} 3. g3 {[%emt 0:00:30]} Bg7 {[%emt 0:00:00]} 4. Bg2 {[%emt 0:00:00]} O-O
{[%emt 0:00:00]} 5. Nf3 {[%emt 0:01:00]} d6 {[%emt 0:00:00]} 6. O-O {[%emt 0:
00:00]} Na6 {[%emt 0:00:30]} 7. b3 {[%emt 0:02:00]} c5 {[%emt 0:00:30]} 8. Bb2
{[%emt 0:01:30]} Rb8 {[%emt 0:01:30]} 9. Nbd2 {[%emt 0:01:30]} cxd4 {[%emt 0:
01:30]} 10. Nxd4 {[%emt 0:04:30]} Nc5 {[%emt 0:01:30]} 11. b4 {[%emt 0:07:30]}
Ne6 {[%emt 0:00:30]} 12. Qa4 {[%emt 0:07:30]} a6 {[%emt 0:01:30]} 13. Nxe6 {
[%emt 0:06:30]} Bxe6 {[%emt 0:00:30]} 14. Rfd1 {[%emt 0:00:30]} Qc8 {[%emt 0:
04:30]} 15. Rac1 {[%emt 0:05:30]} Bh3 {[%emt 0:02:30]} 16. Bf3 {[%emt 0:09:30]}
Bg4 {[%emt 0:03:30]} 17. c5 {[%emt 0:05:30]} Bxf3 {[%emt 0:02:30]} 18. Nxf3 {
[%emt 0:09:30]} dxc5 {[%emt 0:05:30]} 19. Rxc5 {[%emt 0:03:30]} Qg4 {[%emt 0:
02:30]} 20. Qb3 {[%emt 0:05:30]} Rbd8 {[%emt 0:03:30]} 21. Rxd8 {[%emt 0:04:30]
} Rxd8 {[%emt 0:00:00]} 22. Ne5 {[%emt 0:04:21]} Qe6 {[%emt 0:06:00]} 23. Qxe6
{[%emt 0:02:23]} fxe6 {[%emt 0:00:30]} 24. Rc7 {[%emt 0:00:00]} b6 {[%emt 0:10:
30]} 25. Rxe7 {[%emt 0:03:01]} Rd2 {[%emt 0:01:30]} 26. Bc3 {[%emt 0:01:27]}
Rxe2 {[%emt 0:07:30]} 27. Rb7 {[%emt 0:08:12]} Nd7 {[%emt 0:07:30]} 28. Nxd7 {
[%emt 0:04:33]} Bxc3 {[%emt 0:00:30]} 29. Rxb6 {[%emt 0:00:41]} Rxa2 {[%emt 0:
00:30]} 30. Nc5 {[%emt 0:00:55]} Bd4 {[%emt 0:02:30]} 31. Rxe6 {[%emt 0:01:20]}
Rxf2 {[%emt 0:02:30]} 32. Kh1 {[%emt 0:00:20]} Bxc5 {[%emt 0:02:30]} 1/2-1/2

[Event "Wch u20 girls"]
[Site "Kocaeli"]
[Date "2013.09.23"]
[Round "10.29"]
[White "Edes, Zsofia"]
[Black "Anjana Krishna, S."]
[Result "1/2-1/2"]
[WhiteElo "2044"]
[BlackElo "1881"]
[PlyCount "50"]
[EventDate "2013.09.??"]
[EventType "swiss"]
[EventRounds "13"]
[EventCountry "TUR"]
[Source "CBase R.Goldau"]
[SourceDate "2000.03.01"]
[TimeControl "40/5400+30:1800+30"]

1. d4 {[%emt 0:01:30]} d5 {[%emt 0:00:30]} 2. c4 {[%emt 0:00:30]} e6 {[%emt 0:
00:30]} 3. Nc3 {[%emt 0:00:30]} Nf6 {[%emt 0:00:00]} 4. cxd5 {[%emt 0:00:00]}
exd5 {[%emt 0:00:00]} 5. Bg5 {[%emt 0:00:00]} Be7 {[%emt 0:00:30]} 6. e3 {
[%emt 0:01:30]} O-O {[%emt 0:01:30]} 7. Qc2 {[%emt 0:00:30]} c6 {[%emt 0:00:30]
} 8. Bd3 {[%emt 0:00:00]} Nbd7 {[%emt 0:01:30]} 9. Nge2 {[%emt 0:01:00]} Re8 {
[%emt 0:00:00]} 10. O-O {[%emt 0:00:30]} Nf8 {[%emt 0:00:00]} 11. Rae1 {[%emt
0:01:30]} Ng6 {[%emt 0:07:30]} 12. Ng3 {[%emt 0:26:30]} Ng4 {[%emt 0:11:30]}
13. Bxe7 {[%emt 0:01:30]} Rxe7 {[%emt 0:03:30]} 14. Nd1 {[%emt 0:08:30]} Re8 {
[%emt 0:12:30]} 15. f3 {[%emt 0:03:30]} Nxh2 {[%emt 0:13:30]} 16. Rf2 {[%emt 0:
07:30]} Qh4 {[%emt 0:02:30]} 17. Nf5 {[%emt 0:03:30]} Bxf5 {[%emt 0:04:30]} 18.
Bxf5 {[%emt 0:00:30]} Nf4 {[%emt 0:00:30]} 19. Qd2 {[%emt 0:12:30]} Qg3 {[%emt
0:05:30]} 20. Kh1 {[%emt 0:03:30]} Nh5 {[%emt 0:12:30]} 21. Nc3 {[%emt 0:08:24]
} Rad8 {[%emt 0:00:30]} 22. Kg1 {[%emt 0:03:32]} Nf4 {[%emt 0:03:41]} 23. Kh1 {
[%emt 0:01:14]} Nh5 {[%emt 0:01:44]} 24. Kg1 {[%emt 0:00:22]} Nf4 {[%emt 0:00:
10]} 25. Kh1 {[%emt 0:00:09]} Nh5 {[%emt 0:00:04]} 1/2-1/2

[Event "Wch u20 girls"]
[Site "Kocaeli"]
[Date "2013.09.23"]
[Round "10.30"]
[White "Aslan, Cagla Yaren"]
[Black "Leonardi, Caterina"]
[Result "0-1"]
[WhiteElo "1697"]
[BlackElo "1944"]
[PlyCount "68"]
[EventDate "2013.09.??"]
[EventType "swiss"]
[EventRounds "13"]
[EventCountry "TUR"]
[Source "CBase R.Goldau"]
[SourceDate "2000.03.01"]
[TimeControl "40/5400+30:1800+30"]

1. e4 {[%emt 0:00:30]} g6 {[%emt 0:00:30]} 2. g3 {[%emt 0:00:30]} Bg7 {[%emt 0:
00:30]} 3. Bg2 {[%emt 0:00:30]} c5 {[%emt 0:00:30]} 4. Nf3 {[%emt 0:00:30]} Nc6
{[%emt 0:00:30]} 5. d3 {[%emt 0:00:30]} d6 {[%emt 0:00:30]} 6. O-O {[%emt 0:00:
30]} Nf6 {[%emt 0:00:30]} 7. Nbd2 {[%emt 0:01:30]} O-O {[%emt 0:00:30]} 8. Nc4
{[%emt 0:02:30]} Bg4 {[%emt 0:05:30]} 9. Ne3 {[%emt 0:02:30]} Bd7 {[%emt 0:01:
30]} 10. h4 {[%emt 0:01:30]} b5 {[%emt 0:01:30]} 11. Nh2 {[%emt 0:02:30]} Rb8 {
[%emt 0:00:30]} 12. f4 {[%emt 0:08:30]} Qc8 {[%emt 0:03:30]} 13. f5 {[%emt 0:
03:30]} Ne5 {[%emt 0:01:30]} 14. g4 {[%emt 0:04:30]} Kh8 {[%emt 0:07:30]} 15.
g5 {[%emt 0:08:30]} Nh5 {[%emt 0:03:30]} 16. Nd5 {[%emt 0:04:30]} Qd8 {[%emt 0:
02:30]} 17. Qe1 {[%emt 0:06:30]} f6 {[%emt 0:00:30]} 18. Bh3 {[%emt 0:11:30]}
Bc6 {[%emt 0:05:30]} 19. Ng4 {[%emt 0:04:30]} fxg5 {[%emt 0:02:30]} 20. Bxg5 {
[%emt 0:03:30]} Bxd5 {[%emt 0:00:30]} 21. exd5 {[%emt 0:00:30]} Qe8 {[%emt 0:
04:30]} 22. c3 {[%emt 0:06:30]} Nxd3 {[%emt 0:03:30]} 23. Qe6 {[%emt 0:04:30]}
c4 {[%emt 0:03:30]} 24. Ne3 {[%emt 0:05:18]} h6 {[%emt 0:07:30]} 25. Bxe7 {
[%emt 0:00:39]} Nhf4 {[%emt 0:00:30]} 26. Qxd6 {[%emt 0:01:10]} Nxh3+ {[%emt 0:
01:30]} 27. Kg2 {[%emt 0:00:13]} Be5 {[%emt 0:03:30]} 28. Qa3 {[%emt 0:00:53]}
Nhf4+ {[%emt 0:06:30]} 29. Kg1 {[%emt 0:00:59]} gxf5 {[%emt 0:03:30]} 30. Bxf8
{[%emt 0:03:59]} Qg6+ {[%emt 0:00:30]} 31. Kh1 {[%emt 0:02:14]} Qg3 {[%emt 0:
00:30]} 32. Bg7+ {[%emt 0:00:14]} Kh7 {[%emt 0:01:30]} 33. Rae1 {[%emt 0:00:55]
} Qxh4+ {[%emt 0:02:30]} 34. Kg1 {[%emt 0:00:16]} Nh3+ {[%emt 0:00:30]} 0-1

[Event "Wch u20 girls"]
[Site "Kocaeli"]
[Date "2013.09.24"]
[Round "11.1"]
[White "Bulmaga, Irina"]
[Black "Padmini, Rout"]
[Result "0-1"]
[WhiteElo "2410"]
[BlackElo "2312"]
[PlyCount "114"]
[EventDate "2013.09.??"]
[EventType "swiss"]
[EventRounds "13"]
[EventCountry "TUR"]
[Source "CBase R.Goldau"]
[SourceDate "2000.03.01"]
[TimeControl "40/5400+30:1800+30"]

1. e4 {[%emt 0:00:30]} c5 {[%emt 0:00:30]} 2. Nf3 {[%emt 0:00:00]} Nc6 {[%emt
0:00:00]} 3. Bb5 {[%emt 0:00:00]} d6 {[%emt 0:00:00]} 4. Bxc6+ {[%emt 0:00:00]}
bxc6 {[%emt 0:00:30]} 5. O-O {[%emt 0:00:00]} Bg4 {[%emt 0:00:30]} 6. h3 {
[%emt 0:00:30]} Bh5 {[%emt 0:00:00]} 7. Re1 {[%emt 0:00:30]} Nf6 {[%emt 0:01:
00]} 8. d3 {[%emt 0:01:30]} e6 {[%emt 0:04:30]} 9. Nbd2 {[%emt 0:05:30]} Nd7 {
[%emt 0:01:30]} 10. Nc4 {[%emt 0:06:30]} Be7 {[%emt 0:01:30]} 11. Bf4 {[%emt 0:
08:30]} Nb6 {[%emt 0:06:30]} 12. Ncd2 {[%emt 0:05:30]} O-O {[%emt 0:00:30]} 13.
e5 {[%emt 0:05:30]} d5 {[%emt 0:22:30]} 14. c4 {[%emt 0:05:30]} Bg6 {[%emt 0:
03:30]} 15. Qb3 {[%emt 0:00:30]} a5 {[%emt 0:09:30]} 16. Rac1 {[%emt 0:12:30]}
a4 {[%emt 0:03:30]} 17. Qa3 {[%emt 0:00:00]} Re8 {[%emt 0:01:30]} 18. d4 {
[%emt 0:06:00]} cxd4 {[%emt 0:16:30]} 19. c5 {[%emt 0:00:30]} d3 {[%emt 0:00:
30]} 20. Nd4 {[%emt 0:05:30]} Qc8 {[%emt 0:01:30]} 21. Bh2 {[%emt 0:01:30]} Nd7
{[%emt 0:03:30]} 22. f4 {[%emt 0:04:30]} Qa6 {[%emt 0:00:30]} 23. Kh1 {[%emt 0:
07:30]} Rec8 {[%emt 0:08:41]} 24. f5 {[%emt 0:02:30]} Bxf5 {[%emt 0:01:18]} 25.
Nxf5 {[%emt 0:00:30]} exf5 {[%emt 0:00:02]} 26. Bg1 {[%emt 0:01:30]} Qb5 {
[%emt 0:04:14]} 27. Bd4 {[%emt 0:01:03]} Nf8 {[%emt 0:00:29]} 28. Re3 {[%emt 0:
05:05]} Ne6 {[%emt 0:00:31]} 29. Rxd3 {[%emt 0:00:17]} Nf4 {[%emt 0:01:12]} 30.
Rcc3 {[%emt 0:03:57]} Nxd3 {[%emt 0:00:19]} 31. Rxd3 {[%emt 0:00:07]} Ra5 {
[%emt 0:01:26]} 32. Qc3 {[%emt 0:10:05]} Bxc5 {[%emt 0:01:49]} 33. e6 {[%emt 0:
00:13]} Bxd4 {[%emt 0:02:58]} 34. exf7+ {[%emt 0:00:06]} Kxf7 {[%emt 0:00:28]}
35. Qxd4 {[%emt 0:00:02]} Qc5 {[%emt 0:01:21]} 36. Qh4 {[%emt 0:01:01]} Kg8 {
[%emt 0:00:41]} 37. Nf3 {[%emt 0:00:30]} Re8 {[%emt 0:01:02]} 38. Ng5 {[%emt 0:
01:35]} h6 {[%emt 0:00:44]} 39. Qh5 {[%emt 0:00:02]} Qf8 {[%emt 0:00:32]} 40.
Nf3 {[%emt 0:00:00]} Rc5 {[%emt 0:00:00]} 41. Qg6 {[%emt 0:08:27]} Qf7 {[%emt
0:01:43]} 42. Qd6 {[%emt 0:04:30]} Qe7 {[%emt 0:02:30]} 43. Qg3 {[%emt 0:01:30]
} Rc2 {[%emt 0:00:30]} 44. Rd4 {[%emt 0:00:55]} Rc4 {[%emt 0:00:30]} 45. Rd1 {
[%emt 0:02:27]} f4 {[%emt 0:00:30]} 46. Qg4 {[%emt 0:00:35]} Qf6 {[%emt 0:00:
30]} 47. b3 {[%emt 0:00:46]} Rc2 {[%emt 0:01:30]} 48. bxa4 {[%emt 0:01:53]}
Rxa2 {[%emt 0:00:30]} 49. Rb1 {[%emt 0:01:23]} Kh7 {[%emt 0:01:30]} 50. Qd7 {
[%emt 0:01:34]} Ree2 {[%emt 0:01:30]} 51. Rg1 {[%emt 0:01:24]} Rxa4 {[%emt 0:
00:30]} 52. Rc1 {[%emt 0:03:07]} Ra1 {[%emt 0:01:30]} 53. Rxa1 {[%emt 0:00:07]}
Qxa1+ {[%emt 0:00:00]} 54. Ng1 {[%emt 0:00:49]} Re1 {[%emt 0:01:00]} 55. Qf5+ {
[%emt 0:00:18]} g6 {[%emt 0:00:30]} 56. Qd7+ {[%emt 0:00:45]} Qg7 {[%emt 0:00:
30]} 57. Qxc6 {[%emt 0:00:15]} Qa7 {[%emt 0:00:00]} 0-1

[Event "Wch u20 girls"]
[Site "Kocaeli"]
[Date "2013.09.24"]
[Round "11.2"]
[White "Cori T, Deysi"]
[Black "Goryachkina, Aleksandra"]
[Result "0-1"]
[WhiteElo "2434"]
[BlackElo "2409"]
[PlyCount "76"]
[EventDate "2013.09.??"]
[EventType "swiss"]
[EventRounds "13"]
[EventCountry "TUR"]
[Source "CBase R.Goldau"]
[SourceDate "2000.03.01"]
[TimeControl "40/5400+30:1800+30"]

1. d4 {[%emt 0:00:30]} d5 {[%emt 0:00:30]} 2. Nf3 {[%emt 0:00:00]} Nf6 {[%emt
0:00:00]} 3. c4 {[%emt 0:00:00]} c6 {[%emt 0:00:00]} 4. Nbd2 {[%emt 0:00:30]}
Bf5 {[%emt 0:01:30]} 5. g3 {[%emt 0:01:30]} e6 {[%emt 0:01:30]} 6. Bg2 {[%emt
0:00:30]} h6 {[%emt 0:01:30]} 7. O-O {[%emt 0:00:30]} Nbd7 {[%emt 0:00:30]} 8.
b3 {[%emt 0:01:30]} Bd6 {[%emt 0:00:30]} 9. Bb2 {[%emt 0:00:00]} O-O {[%emt 0:
01:30]} 10. Ne5 {[%emt 0:22:00]} Qc7 {[%emt 0:10:30]} 11. Nxd7 {[%emt 0:00:30]}
Qxd7 {[%emt 0:01:30]} 12. f3 {[%emt 0:02:30]} Rfe8 {[%emt 0:05:30]} 13. c5 {
[%emt 0:33:30]} Bc7 {[%emt 0:01:30]} 14. e4 {[%emt 0:01:30]} dxe4 {[%emt 0:17:
30]} 15. fxe4 {[%emt 0:00:30]} Bg4 {[%emt 0:10:30]} 16. Qc1 {[%emt 0:00:30]} e5
{[%emt 0:05:30]} 17. d5 {[%emt 0:00:00]} Nxd5 {[%emt 0:05:30]} 18. exd5 {[%emt
0:02:00]} cxd5 {[%emt 0:00:30]} 19. Qc3 {[%emt 0:03:30]} f5 {[%emt 0:05:30]}
20. Nf3 {[%emt 0:24:02]} Kh7 {[%emt 0:11:10]} 21. Rae1 {[%emt 0:00:37]} d4 {
[%emt 0:00:30]} 22. Qd3 {[%emt 0:00:30]} Rad8 {[%emt 0:00:39]} 23. Nh4 {[%emt
0:02:45]} g6 {[%emt 0:04:26]} 24. h3 {[%emt 0:01:13]} e4 {[%emt 0:07:34]} 25.
Rxe4 {[%emt 0:01:17]} fxe4 {[%emt 0:01:35]} 26. Bxe4 {[%emt 0:00:01]} Bxh3 {
[%emt 0:01:53]} 27. Bxg6+ {[%emt 0:00:18]} Kh8 {[%emt 0:01:07]} 28. Bxe8 {
[%emt 0:01:03]} Bxf1 {[%emt 0:00:47]} 29. Qd2 {[%emt 0:00:43]} Rxe8 {[%emt 0:
02:06]} 30. Qxh6+ {[%emt 0:00:41]} Kg8 {[%emt 0:00:01]} 31. Qg6+ {[%emt 0:00:
00]} Kf8 {[%emt 0:00:45]} 32. Qf6+ {[%emt 0:00:00]} Kg8 {[%emt 0:00:06]} 33.
Bxd4 {[%emt 0:00:50]} Qg4 {[%emt 0:01:35]} 34. Nf5 {[%emt 0:00:45]} Bf4 {[%emt
0:00:34]} 35. Qh8+ {[%emt 0:01:06]} Kf7 {[%emt 0:00:01]} 36. Qf6+ {[%emt 0:00:
00]} Kg8 {[%emt 0:00:01]} 37. Qh8+ {[%emt 0:00:32]} Kf7 {[%emt 0:00:01]} 38.
Qf6+ {[%emt 0:00:30]} Kg8 {[%emt 0:00:01]} 0-1

[Event "Wch u20 girls"]
[Site "Kocaeli"]
[Date "2013.09.24"]
[Round "11.3"]
[White "Arabidze, Meri"]
[Black "Medina, Warda Aulia"]
[Result "1/2-1/2"]
[WhiteElo "2332"]
[BlackElo "2301"]
[PlyCount "161"]
[EventDate "2013.09.??"]
[EventType "swiss"]
[EventRounds "13"]
[EventCountry "TUR"]
[Source "CBase R.Goldau"]
[SourceDate "2000.03.01"]
[TimeControl "40/5400+30:1800+30"]

1. d4 {[%emt 0:00:30]} Nf6 {[%emt 0:00:30]} 2. c4 {[%emt 0:00:00]} e6 {[%emt 0:
00:00]} 3. Nf3 {[%emt 0:00:00]} b6 {[%emt 0:00:00]} 4. Nc3 {[%emt 0:00:00]} Bb4
{[%emt 0:00:30]} 5. e3 {[%emt 0:00:00]} O-O {[%emt 0:04:30]} 6. Bd3 {[%emt 0:
00:30]} Bb7 {[%emt 0:04:30]} 7. O-O {[%emt 0:00:30]} Bxc3 {[%emt 0:01:30]} 8.
bxc3 {[%emt 0:00:30]} d6 {[%emt 0:00:30]} 9. Nd2 {[%emt 0:05:30]} Nbd7 {[%emt
0:03:30]} 10. f3 {[%emt 0:09:30]} Qe7 {[%emt 0:06:30]} 11. Re1 {[%emt 0:03:30]}
e5 {[%emt 0:02:30]} 12. e4 {[%emt 0:04:30]} Nh5 {[%emt 0:03:30]} 13. g3 {[%emt
0:04:30]} g6 {[%emt 0:03:30]} 14. Nf1 {[%emt 0:01:30]} Ng7 {[%emt 0:02:30]} 15.
Ne3 {[%emt 0:04:30]} f5 {[%emt 0:07:30]} 16. exf5 {[%emt 0:10:30]} gxf5 {[%emt
0:00:30]} 17. Nd5 {[%emt 0:05:30]} Bxd5 {[%emt 0:05:30]} 18. cxd5 {[%emt 0:00:
30]} Kh8 {[%emt 0:03:30]} 19. Bb5 {[%emt 0:10:30]} Nf6 {[%emt 0:11:30]} 20.
dxe5 {[%emt 0:03:30]} dxe5 {[%emt 0:00:30]} 21. c4 {[%emt 0:00:30]} Rad8 {
[%emt 0:04:30]} 22. Qb3 {[%emt 0:03:30]} Nfe8 {[%emt 0:06:30]} 23. Bb2 {[%emt
0:12:38]} e4 {[%emt 0:00:30]} 24. Bc6 {[%emt 0:02:16]} Nd6 {[%emt 0:00:30]} 25.
Kh1 {[%emt 0:00:41]} h6 {[%emt 0:04:30]} 26. a4 {[%emt 0:02:05]} a5 {[%emt 0:
03:30]} 27. Qc3 {[%emt 0:00:41]} Kh7 {[%emt 0:00:30]} 28. Rac1 {[%emt 0:03:34]}
Rf7 {[%emt 0:01:32]} 29. c5 {[%emt 0:04:30]} bxc5 {[%emt 0:00:18]} 30. f4 {
[%emt 0:00:25]} Rb8 {[%emt 0:01:13]} 31. Ba1 {[%emt 0:00:35]} Nh5 {[%emt 0:02:
20]} 32. Qxa5 {[%emt 0:01:25]} Rg8 {[%emt 0:02:46]} 33. Re3 {[%emt 0:02:56]}
Nf6 {[%emt 0:00:47]} 34. Qxc5 {[%emt 0:04:05]} Ng4 {[%emt 0:00:19]} 35. Kg1 {
[%emt 0:00:40]} Nxe3 {[%emt 0:05:21]} 36. Qxe3 {[%emt 0:00:34]} Nc8 {[%emt 0:
00:30]} 37. a5 {[%emt 0:00:20]} Qb4 {[%emt 0:00:11]} 38. a6 {[%emt 0:00:44]}
Qa5 {[%emt 0:01:52]} 39. Bb7 {[%emt 0:00:45]} Nd6 {[%emt 0:00:26]} 40. Bc3 {
[%emt 0:00:00]} Qb5 {[%emt 0:00:00]} 41. Qa7 {[%emt 0:16:22]} Qd3 {[%emt 0:20:
52]} 42. Be5 {[%emt 0:01:18]} e3 {[%emt 0:02:29]} 43. Qd4 {[%emt 0:05:50]} Qe2
{[%emt 0:00:32]} 44. Rf1 {[%emt 0:02:15]} Ne4 {[%emt 0:06:13]} 45. Qd1 {[%emt
0:00:26]} Qa2 {[%emt 0:01:10]} 46. Qf3 {[%emt 0:01:24]} Nd2 {[%emt 0:03:04]}
47. Qh5 {[%emt 0:02:42]} Rff8 {[%emt 0:03:51]} 48. Re1 {[%emt 0:00:23]} Nc4 {
[%emt 0:00:21]} 49. Qe2 {[%emt 0:00:29]} Qb3 {[%emt 0:00:39]} 50. Bxc7 {[%emt
0:00:41]} Rf6 {[%emt 0:01:46]} 51. Rc1 {[%emt 0:02:50]} Nd6 {[%emt 0:01:20]}
52. Bc6 {[%emt 0:01:51]} Qa3 {[%emt 0:00:29]} 53. Re1 {[%emt 0:00:19]} Ne4 {
[%emt 0:01:08]} 54. Qxe3 {[%emt 0:00:37]} Qxa6 {[%emt 0:00:04]} 55. Be5 {[%emt
0:00:35]} Rf7 {[%emt 0:00:20]} 56. Ra1 {[%emt 0:00:24]} Qc4 {[%emt 0:01:12]}
57. Rc1 {[%emt 0:00:00]} Qb4 {[%emt 0:00:20]} 58. Rd1 {[%emt 0:00:41]} Qc4 {
[%emt 0:00:19]} 59. Rc1 {[%emt 0:00:54]} Qb4 {[%emt 0:00:04]} 60. Ra1 {[%emt 0:
00:31]} Qc4 {[%emt 0:00:45]} 61. Ra4 {[%emt 0:00:27]} Qc2 {[%emt 0:00:07]} 62.
Ra1 {[%emt 0:00:31]} Qc4 {[%emt 0:00:23]} 63. Re1 {[%emt 0:00:24]} Rc8 {[%emt
0:01:01]} 64. Qe2 {[%emt 0:00:36]} Qc5+ {[%emt 0:00:21]} 65. Qe3 {[%emt 0:00:
03]} Qc4 {[%emt 0:00:20]} 66. Rc1 {[%emt 0:00:01]} Qb4 {[%emt 0:00:05]} 67. Rd1
{[%emt 0:00:41]} Qc4 {[%emt 0:00:12]} 68. Qd4 {[%emt 0:01:03]} Qe2 {[%emt 0:00:
00]} 69. Rf1 {[%emt 0:00:46]} Nd2 {[%emt 0:00:31]} 70. Qf2 {[%emt 0:00:24]}
Qxf1+ {[%emt 0:00:48]} 71. Qxf1 {[%emt 0:00:01]} Nxf1 {[%emt 0:00:00]} 72. Kxf1
{[%emt 0:00:01]} Kg6 {[%emt 0:00:00]} 73. Ke2 {[%emt 0:00:28]} Ra7 {[%emt 0:00:
00]} 74. Ke3 {[%emt 0:00:23]} Ra2 {[%emt 0:00:43]} 75. Kd4 {[%emt 0:01:35]} Rc2
{[%emt 0:00:13]} 76. Bb7 {[%emt 0:00:32]} Rd2+ {[%emt 0:01:21]} 77. Ke3 {[%emt
0:00:01]} Rcc2 {[%emt 0:00:00]} 78. d6 {[%emt 0:00:54]} Re2+ {[%emt 0:02:28]}
79. Kd3 {[%emt 0:00:21]} Red2+ {[%emt 0:00:35]} 80. Ke3 {[%emt 0:00:00]} Re2+ {
[%emt 0:01:04]} 81. Kd3 {[%emt 0:00:02]} 1/2-1/2

[Event "Wch u20 girls"]
[Site "Kocaeli"]
[Date "2013.09.24"]
[Round "11.4"]
[White "Hejazipour, Mitra"]
[Black "Kashlinskaya, Alina"]
[Result "1/2-1/2"]
[WhiteElo "2256"]
[BlackElo "2390"]
[PlyCount "94"]
[EventDate "2013.09.??"]
[EventType "swiss"]
[EventRounds "13"]
[EventCountry "TUR"]
[Source "CBase R.Goldau"]
[SourceDate "2000.03.01"]
[TimeControl "40/5400+30:1800+30"]

1. d4 {[%emt 0:00:30]} Nf6 {[%emt 0:00:30]} 2. Nf3 {[%emt 0:00:00]} g6 {[%emt
0:00:00]} 3. c4 {[%emt 0:00:00]} Bg7 {[%emt 0:00:00]} 4. g3 {[%emt 0:00:30]} c5
{[%emt 0:00:00]} 5. d5 {[%emt 0:00:30]} b5 {[%emt 0:00:00]} 6. cxb5 {[%emt 0:
00:30]} a6 {[%emt 0:00:30]} 7. bxa6 {[%emt 0:00:30]} d6 {[%emt 0:00:30]} 8. Nc3
{[%emt 0:00:30]} O-O {[%emt 0:00:30]} 9. Bg2 {[%emt 0:00:30]} Nbd7 {[%emt 0:00:
00]} 10. O-O {[%emt 0:06:30]} Nb6 {[%emt 0:00:00]} 11. e4 {[%emt 0:10:30]} Bxa6
{[%emt 0:00:30]} 12. Re1 {[%emt 0:00:30]} Nfd7 {[%emt 0:00:30]} 13. Qc2 {[%emt
0:05:30]} Nc4 {[%emt 0:02:30]} 14. Nd2 {[%emt 0:15:30]} Nce5 {[%emt 0:06:30]}
15. Bf1 {[%emt 0:05:30]} c4 {[%emt 0:04:30]} 16. b4 {[%emt 0:06:30]} cxb3 {
[%emt 0:07:30]} 17. axb3 {[%emt 0:00:30]} Bxf1 {[%emt 0:00:30]} 18. Rxa8 {
[%emt 0:00:30]} Qxa8 {[%emt 0:00:30]} 19. Rxf1 {[%emt 0:00:30]} Rc8 {[%emt 0:
03:30]} 20. Bb2 {[%emt 0:08:30]} Qa6 {[%emt 0:02:30]} 21. Ba1 {[%emt 0:08:30]}
Nc5 {[%emt 0:20:30]} 22. Qb1 {[%emt 0:07:30]} h5 {[%emt 0:06:30]} 23. Na4 {
[%emt 0:07:58]} Ncd3 {[%emt 0:10:30]} 24. Nb2 {[%emt 0:01:12]} Nc5 {[%emt 0:04:
30]} 25. Na4 {[%emt 0:06:42]} Nxa4 {[%emt 0:01:30]} 26. bxa4 {[%emt 0:00:30]}
Qxa4 {[%emt 0:00:30]} 27. Bxe5 {[%emt 0:01:41]} Bxe5 {[%emt 0:00:30]} 28. Rc1 {
[%emt 0:00:20]} Rxc1+ {[%emt 0:02:30]} 29. Qxc1 {[%emt 0:00:01]} h4 {[%emt 0:
07:22]} 30. Qc8+ {[%emt 0:02:07]} Kg7 {[%emt 0:00:01]} 31. Qg4 {[%emt 0:01:40]}
Qc2 {[%emt 0:02:34]} 32. Nf3 {[%emt 0:02:56]} Qb1+ {[%emt 0:01:52]} 33. Kg2 {
[%emt 0:00:04]} h3+ {[%emt 0:01:05]} 34. Qxh3 {[%emt 0:00:04]} Qxe4 {[%emt 0:
00:05]} 35. Qh4 {[%emt 0:00:19]} Qxh4 {[%emt 0:04:09]} 36. Nxh4 {[%emt 0:00:18]
} Kf6 {[%emt 0:02:32]} 37. f4 {[%emt 0:01:10]} Bc3 {[%emt 0:01:23]} 38. Kf3 {
[%emt 0:00:38]} e6 {[%emt 0:04:50]} 39. dxe6 {[%emt 0:00:45]} fxe6 {[%emt 0:00:
17]} 40. Ke4 {[%emt 0:00:00]} g5 {[%emt 0:00:00]} 41. Ng2 {[%emt 0:07:05]} d5+
{[%emt 0:07:20]} 42. Kf3 {[%emt 0:01:30]} Bd2 {[%emt 0:03:30]} 43. Kg4 {[%emt
0:07:00]} gxf4 {[%emt 0:03:30]} 44. gxf4 {[%emt 0:00:16]} Ba5 {[%emt 0:01:30]}
45. Ne3 {[%emt 0:04:35]} Bb6 {[%emt 0:01:30]} 46. Ng2 {[%emt 0:00:59]} Bf2 {
[%emt 0:00:30]} 47. h3 {[%emt 0:00:28]} Bb6 {[%emt 0:00:30]} 1/2-1/2

[Event "Wch u20 girls"]
[Site "Kocaeli"]
[Date "2013.09.24"]
[Round "11.5"]
[White "Abdumalik, Zhansaya"]
[Black "Ibrahimova, Sabina"]
[Result "1-0"]
[WhiteElo "2277"]
[BlackElo "2168"]
[PlyCount "53"]
[EventDate "2013.09.??"]
[EventType "swiss"]
[EventRounds "13"]
[EventCountry "TUR"]
[Source "CBase R.Goldau"]
[SourceDate "2000.03.01"]
[TimeControl "40/5400+30:1800+30"]

1. e4 {[%emt 0:00:30]} c5 {[%emt 0:00:30]} 2. Nf3 {[%emt 0:00:00]} d6 {[%emt 0:
00:00]} 3. d4 {[%emt 0:00:00]} cxd4 {[%emt 0:00:00]} 4. Nxd4 {[%emt 0:00:00]}
Nf6 {[%emt 0:00:30]} 5. Nc3 {[%emt 0:00:00]} g6 {[%emt 0:00:00]} 6. Be3 {[%emt
0:00:30]} Bg7 {[%emt 0:00:00]} 7. f3 {[%emt 0:00:30]} O-O {[%emt 0:00:00]} 8.
Qd2 {[%emt 0:02:30]} Nc6 {[%emt 0:00:00]} 9. g4 {[%emt 0:00:30]} Be6 {[%emt 0:
09:30]} 10. O-O-O {[%emt 0:01:30]} Ne5 {[%emt 0:01:30]} 11. Be2 {[%emt 0:04:30]
} Rc8 {[%emt 0:11:30]} 12. h4 {[%emt 0:08:30]} Bc4 {[%emt 0:10:30]} 13. h5 {
[%emt 0:10:30]} Qa5 {[%emt 0:26:30]} 14. Bh6 {[%emt 0:08:30]} Bxe2 {[%emt 0:20:
24]} 15. Bxg7 {[%emt 0:02:30]} Nxf3 {[%emt 0:03:29]} 16. Qf4 {[%emt 0:24:30]}
Bxd1 {[%emt 0:07:23]} 17. Bxf6 {[%emt 0:07:30]} Rxc3 {[%emt 0:06:07]} 18. hxg6
{[%emt 0:06:42]} fxg6 {[%emt 0:00:07]} 19. Qh6 {[%emt 0:00:18]} Rf7 {[%emt 0:
00:50]} 20. Qxg6+ {[%emt 0:00:30]} Kf8 {[%emt 0:00:11]} 21. Ne6+ {[%emt 0:00:
57]} Ke8 {[%emt 0:00:05]} 22. Qg8+ {[%emt 0:00:05]} Kd7 {[%emt 0:00:05]} 23.
Bxc3 {[%emt 0:00:28]} Qb6 {[%emt 0:01:39]} 24. Qxf7 {[%emt 0:02:06]} Qe3+ {
[%emt 0:00:02]} 25. Kxd1 {[%emt 0:00:46]} Qxe4 {[%emt 0:00:22]} 26. Nc5+ {
[%emt 0:00:15]} dxc5 {[%emt 0:00:11]} 27. Qf5+ {[%emt 0:00:02]} 1-0